000 00614nam a22001457a 4500
005 20241211133302.0
008 241211b |||||||| |||| 00| 0 eng d
020 _a9780406054231
245 _aLaw Reports of the Commonwealth 1994 Vol. 1
260 _aLondon, UK
_bButterworths
_c1995
300 _axli, 805 pages
_c24 cm
500 _aGeneral Editors: Read James S. Prof. LL.B. of Gray’s Inn, Barrister. Slinn Peter E. M.A., PhD., Solicitor, England and Wales. Cases Editor: Neville James BCL of King's Inn and of London's Inn, Barrister
650 _2Law Reports
_xCommonwealth Nations
942 _2lcc
_cBK
_n0
999 _c2052
_d2052